| 000 | 00415nam a22001337a 4500 | ||
|---|---|---|---|
| 008 | 161103b xxu||||| |||| 00| 0 eng d | ||
| 050 | _aHT985.R38 2005 | ||
| 100 |
_aRawley,James A. _927301 |
||
| 245 |
_aThe Transatlantic slave trade _b:a history _c/James A. Rawley |
||
| 260 |
_aLincoln _bUniversity of Nebraska Press _c2005 |
||
| 300 |
_axii,441p. _c23cm. |
||
| 650 |
_aSlave trade _921745 |
||
| 942 |
_2lcc _cMONOGRAPH |
||
| 999 |
_c125675 _d125675 |
||